Orientalism / (رقم التسجيلة. 42621)
[ عرض عادي ]
| 000 -الفاتح | |
|---|---|
| حقل البيانات ثابتة الطول | 01017nam a2200313 a 4500 |
| 003 - محدد رقم الضبط | |
| رقم الضبط | OSt |
| 005 - وقت وتاريخ اخر تعامل مع التسجيلة | |
| رقم الضبط | 20180817180241.0 |
| 008 - عناصر البيانات ثابتة الطول - معلومات عامة | |
| حقل البيانات ثابتة الطول | 900119t 1995 nyu b 001 0 eng d |
| 020 ## - الرقم الدولى المعيارى للكتب | |
| الرقم الدولى المعيارى للكتاب | 9780143027980 |
| 040 ## - مصدر الفهرسة | |
| وكالة الفهرسة الأصلية | SMFRE |
| وكالة النسخ | SMI |
| وكالة التعديل | UtOrBLW |
| لغة الفهرسة | eng |
| 049 ## - المجموعات المحلية (OCLC) | |
| مكتبة المقتنيات | SMIG |
| بيانات المعالجة المحلية | 39088007789647 |
| تبصرات حول المجموعات | ajmc 1/18/95 |
| 049 ## - المجموعات المحلية (OCLC) | |
| مكتبة المقتنيات | SNIF |
| 050 1# - رقم طلب مكتبة الكونجرس | |
| رقم التصنيف | DS12 |
| رقم المادة | .S24 1979 |
| 082 0# - رقم تصنيف ديوى العشرى | |
| رقم التصنيف | 950.072 |
| رقم الطبعة | 21 |
| رقم المادة | SEO |
| 090 ## - رقم الضبط المحلى | |
| رقم تصنيف (OCLC) (R) ;رقم تصنيف, CALL (RLIN) (NR) | DS12 |
| كتر محلي OCLC رقم كتاب / رقم طلب غير مقسم,رقم RLIN( غير مكرر) | .S24 |
| 100 1# - المدخل الرئيسى - إسم شخصى | |
| الإسم الشخصى | Said, Edward W. |
| 9 (RLIN) | 64293 |
| 245 10 - بيان العنوان | |
| العنوان | Orientalism / |
| بيان المسئوليه,etc | Edward W. Said. |
| 260 ## - PUBLICATION, DISTRIBUTION, ETC. (IMPRINT) | |
| مكان الناشر او الموزع | New York : |
| اسم الناشر او الموزع | Vintage Books, |
| تاريخ النشر أو التوزيع | 1995 |
| 300 ## - الوصف المادى | |
| التعداد | xi, 396 p. ; |
| أبعاد الوعاء | 21 cm. |
| 504 ## - تبصرة ببليوجرافية | |
| تبصرة ببليوجرافية,الخ | Includes bibliographical references and index. |
| 650 #0 - المدخل الاضافى بالموضوع-مصطلح موضوعى | |
| مصطلح موضوعي أو اسم جغرافي كعنصر مدخل | East and West. |
| 9 (RLIN) | 64294 |
| 651 #0 - المدخل الاضافى بالموضوع - اسم جغرافى | |
| الاسم الجغرافي | Asia |
| التقسيم الفرعي العام | Historiography |
| -- | History. |
| 9 (RLIN) | 64295 |
| 651 #0 - المدخل الاضافى بالموضوع - اسم جغرافى | |
| الاسم الجغرافي | Europe |
| التقسيم الفرعي العام | Intellectual life. |
| 9 (RLIN) | 64296 |
| 651 #0 - المدخل الاضافى بالموضوع - اسم جغرافى | |
| الاسم الجغرافي | Middle East |
| التقسيم الفرعي العام | Historiography |
| -- | History. |
| 9 (RLIN) | 64297 |
| 942 ## - عناصر المدخل الإضافي( كوها) | |
| Koha [default] item type | كتاب |
| 945 ## - معلومات معالجة محلية(OCLC) | |
| a | olkc 9/27/96 add nmaa 39088008123432 |
| 981 ## - احالة مرجعية-بيان السلسلة -اسم جماعى-عنوان[LOCAL, CANADA] | |
| اسم الهيئة أو اسم السلطة كمدخل | FSGbib# 1008276 duplicates SILbib# 470877 |
| حالة الفقد | نموذج السعر الفعال | حالة تلف | ليس للاعارة | رقم الطلب | تاريخ الاكتساب | الموقع الحالي | الباركود | الفرع الرئيسي | Date last seen | نوع المادة فى نظام كوها | مصدر التصنيف او خطة الترفيف | Total Checkouts | Date last checked out |
|---|---|---|---|---|---|---|---|---|---|---|---|---|---|
| 2018-08-17 | 950.072 SEO | 2018-08-17 | المكتبة المركزية بالمجمعة (CL) | 00656981 | المكتبة المركزية بالمجمعة (CL) | 2018-08-17 | كتاب | Dewey Decimal Classification | |||||
| 2018-08-17 | 950.072 SEO | 2018-08-17 | المكتبة المركزية بالمجمعة (CL) | 00656982 | المكتبة المركزية بالمجمعة (CL) | 2026-05-04 | كتاب | Dewey Decimal Classification | 1 | 2025-12-31 | |||
| 2018-08-17 | 950.072 SEO | 2018-08-17 | المكتبة المركزية بالمجمعة (CL) | 00656983 | المكتبة المركزية بالمجمعة (CL) | 2018-08-17 | كتاب | Dewey Decimal Classification | |||||
| 2018-08-18 | 950.072 SEO | 2018-08-18 | قسم الاجراءات الفنية (IC) | 00657248 | قسم الاجراءات الفنية (IC) | 2018-08-18 | كتاب | Dewey Decimal Classification | |||||
| 2018-08-18 | 950.072 SEO | 2018-08-18 | قسم الاجراءات الفنية (IC) | 00657249 | قسم الاجراءات الفنية (IC) | 2018-08-18 | كتاب | Dewey Decimal Classification | |||||
| 2018-08-18 | 950.072 SEO | 2018-08-18 | كلية الشريعة والقانون - طالبات | 00657246 | كلية الشريعة والقانون - طالبات | 2018-08-18 | كتاب | Dewey Decimal Classification | |||||
| 2018-08-18 | 950.072 SEO | 2018-08-18 | كلية الشريعة والقانون - طالبات | 00657247 | كلية الشريعة والقانون - طالبات | 2018-08-18 | كتاب | Dewey Decimal Classification |
